[Event "Women's World Team Chess Championship"]
[Site "Khanty-Mansiysk, RUS."]
[Date "2017.06.21"]
[Round "5.12"]
[White "Gorti Akshita (USA)"]
[Black "Girya Olga (RUS)"]
[Result "1/2-1/2"]
[BlackElo "2480"]
[WhiteElo "2240"]
[LiveChessVersion "1.4.8"]

1. d4 {[%clk 1:30:57]} d5 {[%clk 1:30:55]} 2. c4 {[%clk 1:31:17]} c6
{[%clk 1:31:20]} 3. Nf3 {[%clk 1:31:39]} Nf6 {[%clk 1:31:44]} 4. e3
{[%clk 1:31:58]} Bg4 {[%clk 1:31:57]} 5. Qb3 {[%clk 1:31:51]} Qb6
{[%clk 1:31:15]} 6. Nc3 {[%clk 1:31:45]} e6 {[%clk 1:30:34]} 7. Nh4
{[%clk 1:30:56]} Bh5 {[%clk 1:30:34]} 8. h3 {[%clk 1:30:24]} Nbd7
{[%clk 1:30:39]} 9. g4 {[%clk 1:30:08]} Bg6 {[%clk 1:30:59]} 10. Nxg6
{[%clk 1:30:25]} hxg6 {[%clk 1:31:28]} 11. Bg2 {[%clk 1:30:08]} g5
{[%clk 1:31:47]} 12. Bd2 {[%clk 1:29:47]} Be7 {[%clk 1:30:05]} 13. O-O-O
{[%clk 1:29:22]} a5 {[%clk 1:19:20]} 14. Qxb6 {[%clk 1:25:50]} Nxb6
{[%clk 1:19:46]} 15. c5 {[%clk 1:25:11]} Nbd7 {[%clk 1:20:11]} 16. e4
{[%clk 1:24:16]} Nxe4 {[%clk 1:18:54]} 17. Bxe4 {[%clk 1:21:47]} dxe4
{[%clk 1:19:19]} 18. Nxe4 {[%clk 1:20:47]} f6 {[%clk 1:19:44]} 19. f4
{[%clk 1:19:35]} gxf4 {[%clk 1:19:28]} 20. Bxf4 {[%clk 1:19:32]} b6
{[%clk 1:18:08]} 21. Rde1 {[%clk 1:11:27]} bxc5 {[%clk 1:08:07]} 22. Nd6+
{[%clk 1:00:38]} Kf8 {[%clk 0:50:57]} 23. Rxe6 {[%clk 0:58:36]} cxd4
{[%clk 0:51:04]} 24. Nf5 {[%clk 0:43:51]} Nc5 {[%clk 0:48:55]} 25. Rxe7
{[%clk 0:40:41]} Nd3+ {[%clk 0:49:19]} 26. Kd2 {[%clk 0:39:28]} Nxf4
{[%clk 0:49:42]} 27. Rxg7 {[%clk 0:39:25]} Re8 {[%clk 0:40:57]} 28. Rc7
{[%clk 0:31:28]} Re2+ {[%clk 0:21:07]} 29. Kc1 {[%clk 0:25:07]} Rxh3
{[%clk 0:17:01]} 30. Rxh3 {[%clk 0:23:38]} Nxh3 {[%clk 0:17:29]} 31. Nxd4
{[%clk 0:15:41]} Re4 {[%clk 0:17:49]} 32. Nf5 {[%clk 0:15:08]} Re6
{[%clk 0:15:24]} 33. Rc8+ {[%clk 0:14:56]} Kf7 {[%clk 0:15:50]} 34. Rc7+
{[%clk 0:13:23]} Kf8 {[%clk 0:16:19]} 35. Rc8+ {[%clk 0:09:57]} Kf7
{[%clk 0:16:44]} 36. Nd4 {[%clk 0:02:53]} Re4 {[%clk 0:16:43]} 37. Nxc6
{[%clk 0:03:09]} a4 {[%clk 0:12:57]} 38. b4 {[%clk 0:01:29]} axb3
{[%clk 0:09:37]} 39. axb3 {[%clk 0:01:55]} Nf2 {[%clk 0:07:52]} 40. Rd8
{[%clk 0:30:57]} Nxg4 {[%clk 0:35:23]} 41. Rd4 {[%clk 0:18:24]} Rxd4
{[%clk 0:33:05]} 42. Nxd4 {[%clk 0:18:48]} Ke7 {[%clk 0:33:04]} 1/2-1/2

[Event "Women's World Team Chess Championship"]
[Site "Khanty-Mansiysk, RUS."]
[Date "2017.06.21"]
[Round "5.13"]
[White "Ju Wenjun (CHN)"]
[Black "Dzagnidze Nana (GEO)"]
[Result "1-0"]
[BlackElo "2533"]
[WhiteElo "2583"]
[LiveChessVersion "1.4.8"]

1. d4 {[%clk 1:30:56]} d5 {[%clk 1:30:55]} 2. c4 {[%clk 1:31:16]} e6
{[%clk 1:31:19]} 3. Nf3 {[%clk 1:31:22]} Nf6 {[%clk 1:31:37]} 4. g3
{[%clk 1:31:41]} dxc4 {[%clk 1:31:40]} 5. Bg2 {[%clk 1:31:47]} c5
{[%clk 1:31:52]} 6. O-O {[%clk 1:31:55]} Nc6 {[%clk 1:32:16]} 7. Qa4
{[%clk 1:31:02]} Bd7 {[%clk 1:32:33]} 8. Qxc4 {[%clk 1:31:26]} b5
{[%clk 1:32:23]} 9. Qc3 {[%clk 1:31:42]} Rc8 {[%clk 1:20:00]} 10. dxc5
{[%clk 1:30:46]} b4 {[%clk 1:20:08]} 11. Qc4 {[%clk 1:07:45]} Qa5
{[%clk 1:19:15]} 12. Bg5 {[%clk 1:06:52]} Qxc5 {[%clk 1:17:54]} 13. Qa6
{[%clk 1:04:49]} Be7 {[%clk 1:06:27]} 14. Nbd2 {[%clk 0:52:14]} Nb8
{[%clk 0:45:24]} 15. Qb7 {[%clk 0:48:49]} O-O {[%clk 0:29:08]} 16. Be3
{[%clk 0:37:30]} Qb5 {[%clk 0:27:06]} 17. Qxb5 {[%clk 0:36:44]} Bxb5
{[%clk 0:27:33]} 18. Nd4 {[%clk 0:36:49]} Ba6 {[%clk 0:24:35]} 19. N2b3
{[%clk 0:22:51]} Bc4 {[%clk 0:17:57]} 20. Rfc1 {[%clk 0:21:05]} Bd5
{[%clk 0:18:03]} 21. Bf4 {[%clk 0:11:40]} Bxg2 {[%clk 0:11:47]} 22. Kxg2
{[%clk 0:10:54]} Nfd7 {[%clk 0:12:11]} 23. Nb5 {[%clk 0:10:18]} a6
{[%clk 0:12:02]} 24. Na7 {[%clk 0:10:05]} Rxc1 {[%clk 0:07:52]} 25. Rxc1
{[%clk 0:10:32]} f6 {[%clk 0:02:46]} 26. Nc8 {[%clk 0:09:43]} Bd8
{[%clk 0:00:44]} 27. Bd6 {[%clk 0:10:04]} Re8 {[%clk 0:00:56]} 28. Bxb4
{[%clk 0:09:53]} Nb6 {[%clk 0:01:09]} 29. e4 {[%clk 0:05:21]} e5 {[%clk 0:01:01]}
30. Rc2 {[%clk 0:02:25]} N8d7 {[%clk 0:00:45]} 31. Nd6 {[%clk 0:02:23]} Re6
{[%clk 0:01:09]} 32. Nb7 {[%clk 0:02:21]} Be7 {[%clk 0:01:36]} 33. Bxe7
{[%clk 0:02:48]} Rxe7 {[%clk 0:02:02]} 34. Rc6 {[%clk 0:02:01]} Re8
{[%clk 0:02:01]} 35. N7c5 {[%clk 0:01:35]} Ra8 {[%clk 0:02:10]} 36. Rc7
{[%clk 0:01:38]} Nxc5 {[%clk 0:01:37]} 37. Nxc5 {[%clk 0:02:06]} a5
{[%clk 0:01:58]} 38. b3 {[%clk 0:01:52]} a4 {[%clk 0:01:59]} 39. b4
{[%clk 0:02:16]} a3 {[%clk 0:02:08]} 40. Ne6 {[%clk 0:32:02]} g6 {[%clk 0:32:10]}
41. b5 {[%clk 0:26:18]} Rb8 {[%clk 0:23:04]} 42. Rg7+ {[%clk 0:20:45]} Kh8
{[%clk 0:23:29]} 43. Ra7 {[%clk 0:21:00]} Nc4 {[%clk 0:22:49]} 44. Nc7
{[%clk 0:19:37]} Kg8 {[%clk 0:18:56]} 45. Nd5 {[%clk 0:17:18]} Rxb5
{[%clk 0:18:51]} 46. Nxf6+ {[%clk 0:17:38]} Kf8 {[%clk 0:19:20]} 47. Nxh7+
{[%clk 0:16:06]} Ke8 {[%clk 0:19:47]} 48. Nf6+ {[%clk 0:16:31]} Kd8
{[%clk 0:20:02]} 49. Ra4 {[%clk 0:16:27]} Rc5 {[%clk 0:19:48]} 50. h4
{[%clk 0:15:14]} Rc6 {[%clk 0:19:37]} 51. Nd5 {[%clk 0:14:23]} Ke8
{[%clk 0:19:44]} 52. g4 {[%clk 0:13:16]} Kf8 {[%clk 0:19:11]} 53. g5
{[%clk 0:11:21]} Kf7 {[%clk 0:18:21]} 54. Ra7+ {[%clk 0:11:45]} Kf8
{[%clk 0:18:49]} 55. Nf6 {[%clk 0:10:05]} Rd6 {[%clk 0:18:46]} 56. Rc7
{[%clk 0:09:35]} Nb2 {[%clk 0:18:29]} 57. Nd7+ {[%clk 0:09:11]} 1-0

[Event "Women's World Team Chess Championship"]
[Site "Khanty-Mansiysk, RUS."]
[Date "2017.06.21"]
[Round "5.14"]
[White "Javakhishvili Lela (GEO)"]
[Black "Tan Zhongyi (CHN)"]
[Result "0-1"]
[BlackElo "2517"]
[WhiteElo "2447"]
[LiveChessVersion "1.4.8"]

1. d4 {[%clk 1:30:57]} Nf6 {[%clk 1:30:54]} 2. c4 {[%clk 1:31:21]} e6
{[%clk 1:31:17]} 3. Nf3 {[%clk 1:31:43]} b6 {[%clk 1:31:36]} 4. e3
{[%clk 1:32:00]} Bb7 {[%clk 1:31:53]} 5. Nc3 {[%clk 1:32:23]} d5 {[%clk 1:31:21]}
6. cxd5 {[%clk 1:32:39]} exd5 {[%clk 1:31:40]} 7. g3 {[%clk 1:32:58]} Bd6
{[%clk 1:30:34]} 8. Bg2 {[%clk 1:33:22]} Nbd7 {[%clk 1:26:49]} 9. O-O
{[%clk 1:33:40]} O-O {[%clk 1:26:57]} 10. Qc2 {[%clk 1:32:13]} a6
{[%clk 1:26:06]} 11. b3 {[%clk 1:32:36]} Re8 {[%clk 1:25:31]} 12. Bb2
{[%clk 1:32:45]} Ne4 {[%clk 1:16:05]} 13. Nxe4 {[%clk 1:32:50]} dxe4
{[%clk 1:16:26]} 14. Nd2 {[%clk 1:33:04]} Qe7 {[%clk 1:11:19]} 15. Nc4
{[%clk 1:31:57]} Bd5 {[%clk 1:07:23]} 16. Rfc1 {[%clk 1:28:51]} Ra7
{[%clk 1:05:52]} 17. Bh3 {[%clk 1:18:41]} Nf6 {[%clk 1:03:40]} 18. a4
{[%clk 1:14:00]} h5 {[%clk 1:03:52]} 19. Nxd6 {[%clk 1:11:19]} cxd6
{[%clk 1:03:16]} 20. Ba3 {[%clk 1:09:08]} Nh7 {[%clk 1:02:07]} 21. Bg2
{[%clk 1:03:42]} h4 {[%clk 0:58:11]} 22. Qe2 {[%clk 1:01:06]} hxg3
{[%clk 0:44:26]} 23. hxg3 {[%clk 1:00:10]} g6 {[%clk 0:43:51]} 24. Qg4
{[%clk 0:59:15]} Rd7 {[%clk 0:39:19]} 25. Rc3 {[%clk 0:52:33]} Ng5
{[%clk 0:34:40]} 26. Rac1 {[%clk 0:50:34]} Kg7 {[%clk 0:26:18]} 27. Rc8
{[%clk 0:42:27]} Nf3+ {[%clk 0:25:15]} 28. Bxf3 {[%clk 0:42:17]} exf3
{[%clk 0:25:42]} 29. Rxe8 {[%clk 0:31:18]} Qxe8 {[%clk 0:26:08]} 30. e4
{[%clk 0:20:10]} Bxe4 {[%clk 0:26:30]} 31. Re1 {[%clk 0:13:23]} d5
{[%clk 0:26:15]} 32. Rc1 {[%clk 0:12:42]} Rd8 {[%clk 0:12:28]} 33. Qf4
{[%clk 0:06:20]} Rc8 {[%clk 0:07:55]} 34. Rxc8 {[%clk 0:03:20]} Qxc8
{[%clk 0:08:20]} 35. Be7 {[%clk 0:02:25]} Qh3 {[%clk 0:06:49]} 36. Bf6+
{[%clk 0:02:45]} Kh7 {[%clk 0:07:16]} 37. Qh4+ {[%clk 0:03:11]} Qxh4
{[%clk 0:07:40]} 38. Bxh4 {[%clk 0:03:06]} Bc2 {[%clk 0:08:06]} 39. b4
{[%clk 0:02:51]} Bxa4 {[%clk 0:08:05]} 40. Bd8 {[%clk 0:33:13]} Bb5
{[%clk 0:33:49]} 41. Bxb6 {[%clk 0:33:01]} g5 {[%clk 0:34:06]} 42. Kh2
{[%clk 0:07:11]} g4 {[%clk 0:34:28]} 43. Kg1 {[%clk 0:07:35]} Kg6
{[%clk 0:34:53]} 44. Ba7 {[%clk 0:07:02]} Kf5 {[%clk 0:35:18]} 45. Bb6
{[%clk 0:07:27]} Ke4 {[%clk 0:35:44]} 46. Ba7 {[%clk 0:06:38]} Kd3
{[%clk 0:36:08]} 47. Bc5 {[%clk 0:04:29]} f5 {[%clk 0:36:27]} 48. Kh2
{[%clk 0:03:08]} Ke2 {[%clk 0:36:49]} 49. Kg1 {[%clk 0:03:28]} f4
{[%clk 0:36:12]} 50. Bd6 {[%clk 0:03:53]} fxg3 {[%clk 0:36:35]} 51. Bxg3
{[%clk 0:04:19]} Kd3 {[%clk 0:37:01]} 52. Kf1 {[%clk 0:03:55]} Kd2+
{[%clk 0:37:25]} 53. Kg1 {[%clk 0:04:21]} Kc3 {[%clk 0:37:51]} 54. Bd6
{[%clk 0:04:26]} Kxd4 {[%clk 0:38:16]} 55. Kh2 {[%clk 0:03:50]} Kc3
{[%clk 0:37:00]} 0-1

[Event "Women's World Team Chess Championship"]
[Site "Khanty-Mansiysk, RUS."]
[Date "2017.06.21"]
[Round "5.15"]
[White "Lei Tingjie (CHN)"]
[Black "Khotenashvili Bela (GEO)"]
[Result "1-0"]
[BlackElo "2452"]
[WhiteElo "2488"]
[LiveChessVersion "1.4.8"]

1. Nf3 {[%clk 1:30:52]} d5 {[%clk 1:30:19]} 2. d4 {[%clk 1:31:14]} Nf6
{[%clk 1:30:33]} 3. c4 {[%clk 1:31:37]} e6 {[%clk 1:30:59]} 4. Nc3
{[%clk 1:32:02]} Be7 {[%clk 1:31:22]} 5. Bg5 {[%clk 1:32:12]} O-O
{[%clk 1:31:37]} 6. Qc2 {[%clk 1:32:34]} dxc4 {[%clk 1:31:37]} 7. e4
{[%clk 1:31:04]} Nc6 {[%clk 1:31:53]} 8. e5 {[%clk 1:20:28]} Nd5 {[%clk 1:32:10]}
9. Bxe7 {[%clk 1:18:20]} Qxe7 {[%clk 1:29:55]} 10. Bxc4 {[%clk 1:17:17]} Ndb4
{[%clk 1:20:31]} 11. Qe4 {[%clk 1:11:25]} Na5 {[%clk 1:18:17]} 12. Be2
{[%clk 1:10:04]} Bd7 {[%clk 1:12:47]} 13. O-O {[%clk 0:52:01]} Bc6
{[%clk 1:02:40]} 14. Qg4 {[%clk 0:48:22]} Nd5 {[%clk 0:59:58]} 15. Ng5
{[%clk 0:42:04]} h6 {[%clk 0:49:19]} 16. Nge4 {[%clk 0:40:41]} f5
{[%clk 0:47:32]} 17. exf6 {[%clk 0:40:27]} Nxf6 {[%clk 0:47:57]} 18. Nxf6+
{[%clk 0:40:48]} Rxf6 {[%clk 0:48:17]} 19. Rad1 {[%clk 0:33:38]} Qf7
{[%clk 0:37:58]} 20. Bd3 {[%clk 0:31:12]} Bd5 {[%clk 0:34:30]} 21. Nxd5
{[%clk 0:23:03]} exd5 {[%clk 0:34:54]} 22. g3 {[%clk 0:23:27]} Nc4
{[%clk 0:23:49]} 23. Qe2 {[%clk 0:15:54]} Re8 {[%clk 0:22:27]} 24. Qc2
{[%clk 0:16:18]} c6 {[%clk 0:18:36]} 25. Rde1 {[%clk 0:12:06]} Nd6
{[%clk 0:17:20]} 26. Re5 {[%clk 0:11:17]} Rf8 {[%clk 0:08:59]} 27. f4
{[%clk 0:07:19]} Qc7 {[%clk 0:00:38]} 28. Rxd5 {[%clk 0:05:51]} Qb6
{[%clk 0:00:54]} 29. Rc5 {[%clk 0:06:06]} Rd8 {[%clk 0:00:34]} 30. Re1
{[%clk 0:05:53]} Nf7 {[%clk 0:00:37]} 31. Bc4 {[%clk 0:05:47]} Kh8
{[%clk 0:00:42]} 32. Kh1 {[%clk 0:03:21]} Nd6 {[%clk 0:00:56]} 33. Bd3
{[%clk 0:03:38]} Rff8 {[%clk 0:00:48]} 34. d5 {[%clk 0:02:48]} cxd5
{[%clk 0:00:35]} 35. Rxd5 {[%clk 0:03:14]} Rc8 {[%clk 0:00:45]} 36. Qg2
{[%clk 0:03:40]} Rc5 {[%clk 0:00:35]} 37. h4 {[%clk 0:02:30]} Rxd5
{[%clk 0:00:49]} 38. Qxd5 {[%clk 0:02:54]} Qf2 {[%clk 0:00:33]} 39. Rg1
{[%clk 0:03:08]} Rd8 {[%clk 0:00:35]} 40. Rg2 {[%clk 0:33:07]} Qe3
{[%clk 0:30:37]} 41. Bc2 {[%clk 0:30:09]} a6 {[%clk 0:11:01]} 42. Kh2
{[%clk 0:29:09]} Rd7 {[%clk 0:11:08]} 43. a4 {[%clk 0:17:08]} Rd8
{[%clk 0:10:15]} 44. a5 {[%clk 0:16:53]} Rd7 {[%clk 0:10:37]} 45. b4
{[%clk 0:17:09]} Rd8 {[%clk 0:09:00]} 46. Qe5 {[%clk 0:15:56]} Qxe5
{[%clk 0:02:45]} 47. fxe5 {[%clk 0:16:21]} Nb5 {[%clk 0:02:48]} 48. Be4
{[%clk 0:15:06]} Rd7 {[%clk 0:02:34]} 49. e6 {[%clk 0:13:05]} Re7
{[%clk 0:02:40]} 50. Rd2 {[%clk 0:13:19]} g5 {[%clk 0:01:11]} 51. Rd8+
{[%clk 0:11:53]} Kg7 {[%clk 0:01:40]} 52. Rd7 {[%clk 0:12:18]} Kf6
{[%clk 0:02:04]} 53. hxg5+ {[%clk 0:12:14]} hxg5 {[%clk 0:02:30]} 54. Rxe7
{[%clk 0:12:41]} Kxe7 {[%clk 0:02:57]} 55. Bxb7 {[%clk 0:13:07]} Nc7
{[%clk 0:03:18]} 56. Bc8 {[%clk 0:13:18]} g4 {[%clk 0:01:23]} 57. Kg2
{[%clk 0:13:43]} Kd8 {[%clk 0:01:27]} 58. Bd7 {[%clk 0:14:08]} Ke7
{[%clk 0:01:54]} 59. Kf2 {[%clk 0:14:22]} Kd6 {[%clk 0:01:59]} 60. Bc8
{[%clk 0:13:36]} 1-0

[Event "Women's World Team Chess Championship"]
[Site "Khanty-Mansiysk, RUS."]
[Date "2017.06.21"]
[Round "5.16"]
[White "Batsiashvili Nino (GEO)"]
[Black "Guo Qi (CHN)"]
[Result "1/2-1/2"]
[BlackElo "2417"]
[WhiteElo "2469"]
[LiveChessVersion "1.4.8"]

1. d4 {[%clk 1:30:56]} Nf6 {[%clk 1:30:48]} 2. Nf3 {[%clk 1:29:45]} d5
{[%clk 1:31:03]} 3. Bf4 {[%clk 1:28:11]} c5 {[%clk 1:31:13]} 4. e3
{[%clk 1:28:34]} Nc6 {[%clk 1:31:36]} 5. Nbd2 {[%clk 1:23:51]} Bg4
{[%clk 1:26:13]} 6. h3 {[%clk 1:19:36]} Bxf3 {[%clk 1:25:31]} 7. Nxf3
{[%clk 1:19:49]} e6 {[%clk 1:25:56]} 8. c3 {[%clk 1:18:10]} Bd6 {[%clk 1:22:08]}
9. Qb3 {[%clk 1:01:12]} Rb8 {[%clk 1:22:29]} 10. dxc5 {[%clk 1:01:09]} Bxf4
{[%clk 1:22:53]} 11. exf4 {[%clk 1:01:34]} O-O {[%clk 1:20:00]} 12. Bd3
{[%clk 0:59:49]} Qa5 {[%clk 1:13:13]} 13. O-O {[%clk 0:55:05]} Qxc5
{[%clk 1:11:24]} 14. Rfe1 {[%clk 0:55:20]} g6 {[%clk 1:06:00]} 15. Qc2
{[%clk 0:53:13]} Rbc8 {[%clk 1:06:05]} 16. Qe2 {[%clk 0:51:13]} Nh5
{[%clk 0:57:14]} 17. Qd2 {[%clk 0:49:44]} Rfd8 {[%clk 0:57:20]} 18. a3
{[%clk 0:37:54]} Qd6 {[%clk 0:56:10]} 19. g3 {[%clk 0:36:15]} Nf6
{[%clk 0:50:35]} 20. Rad1 {[%clk 0:32:48]} Qf8 {[%clk 0:46:18]} 21. Qe2
{[%clk 0:32:38]} Nd7 {[%clk 0:43:09]} 22. h4 {[%clk 0:32:36]} Nf6
{[%clk 0:42:04]} 23. Kg2 {[%clk 0:32:51]} Re8 {[%clk 0:41:16]} 24. Ne5
{[%clk 0:28:47]} h5 {[%clk 0:39:24]} 25. Qe3 {[%clk 0:24:32]} a6 {[%clk 0:38:19]}
26. Nf3 {[%clk 0:23:04]} Ng4 {[%clk 0:36:20]} 27. Qe2 {[%clk 0:22:38]} e5
{[%clk 0:26:23]} 28. fxe5 {[%clk 0:22:18]} Ncxe5 {[%clk 0:26:48]} 29. Nxe5
{[%clk 0:21:37]} Rxe5 {[%clk 0:27:14]} 30. Qf3 {[%clk 0:20:38]} Rce8
{[%clk 0:27:02]} 31. Rxe5 {[%clk 0:17:26]} Rxe5 {[%clk 0:27:21]} 32. Rd2
{[%clk 0:11:31]} Qe7 {[%clk 0:25:10]} 33. Re2 {[%clk 0:10:02]} Kg7
{[%clk 0:24:59]} 34. Rxe5 {[%clk 0:09:42]} Qxe5 {[%clk 0:25:23]} 35. Be2
{[%clk 0:07:37]} Nf6 {[%clk 0:17:29]} 36. Qd3 {[%clk 0:07:45]} Qe4+
{[%clk 0:12:34]} 37. Qxe4 {[%clk 0:07:19]} Nxe4 {[%clk 0:13:00]} 38. Kf3
{[%clk 0:07:33]} Kf6 {[%clk 0:13:25]} 39. Ke3 {[%clk 0:07:53]} Ke5
{[%clk 0:13:50]} 40. Bd3 {[%clk 0:35:55]} Nc5 {[%clk 0:43:11]} 41. Bc2
{[%clk 0:34:57]} f5 {[%clk 0:43:03]} 42. Bd1 {[%clk 0:24:24]} Ne4
{[%clk 0:39:17]} 43. Bb3 {[%clk 0:23:13]} Nc5 {[%clk 0:39:20]} 44. Bc2
{[%clk 0:23:38]} Ne6 {[%clk 0:37:52]} 45. Ba4 {[%clk 0:21:21]} b5
{[%clk 0:36:01]} 46. Bc2 {[%clk 0:20:35]} Nc5 {[%clk 0:35:10]} 47. Bd1
{[%clk 0:12:01]} Kd6 {[%clk 0:31:57]} 48. Kd4 {[%clk 0:11:20]} Ne6+
{[%clk 0:32:20]} 49. Kd3 {[%clk 0:11:46]} Nc5+ {[%clk 0:32:00]} 50. Ke3
{[%clk 0:12:14]} Ke5 {[%clk 0:31:41]} 51. Bc2 {[%clk 0:12:37]} Kd6
{[%clk 0:30:05]} 52. b4 {[%clk 0:11:10]} Ne6 {[%clk 0:30:13]} 53. a4
{[%clk 0:11:31]} Ke5 {[%clk 0:29:55]} 54. axb5 {[%clk 0:10:50]} axb5
{[%clk 0:30:21]} 55. Kd3 {[%clk 0:09:10]} f4 {[%clk 0:27:36]} 56. Ke2
{[%clk 0:09:02]} fxg3 {[%clk 0:26:16]} 57. fxg3 {[%clk 0:09:28]} g5
{[%clk 0:26:42]} 58. Ke3 {[%clk 0:03:41]} gxh4 {[%clk 0:26:52]} 59. gxh4
{[%clk 0:04:10]} d4+ {[%clk 0:27:12]} 60. cxd4+ {[%clk 0:03:54]} Nxd4
{[%clk 0:27:37]} 61. Bg6 {[%clk 0:03:37]} Nc6 {[%clk 0:28:01]} 62. Bxh5
{[%clk 0:03:22]} Nxb4 {[%clk 0:28:26]} 63. Bf3 {[%clk 0:03:28]} Nc2+
{[%clk 0:28:34]} 64. Kd2 {[%clk 0:03:42]} Nd4 {[%clk 0:29:00]} 65. Bd1
{[%clk 0:04:08]} 1/2-1/2

[Event "Women's World Team Chess Championship"]
[Site "Khanty-Mansiysk, RUS."]
[Date "2017.06.21"]
[Round "5.17"]
[White "Hoang Thi Bao Tram (VIE)"]
[Black "Mamedjarova Zeinab (AZE)"]
[Result "1-0"]
[BlackElo "2289"]
[WhiteElo "2380"]
[LiveChessVersion "1.4.8"]

1. d4 {[%clk 1:30:47]} d5 {[%clk 1:30:55]} 2. Nf3 {[%clk 1:30:34]} Nf6
{[%clk 1:31:18]} 3. c4 {[%clk 1:29:40]} dxc4 {[%clk 1:30:42]} 4. e3
{[%clk 1:28:10]} e6 {[%clk 1:31:07]} 5. Bxc4 {[%clk 1:28:21]} c5 {[%clk 1:31:33]}
6. O-O {[%clk 1:27:56]} a6 {[%clk 1:31:54]} 7. a4 {[%clk 1:26:53]} Nbd7
{[%clk 1:29:23]} 8. a5 {[%clk 1:24:24]} Be7 {[%clk 1:25:36]} 9. Qe2
{[%clk 1:19:02]} O-O {[%clk 1:25:34]} 10. Nc3 {[%clk 1:17:49]} b5
{[%clk 1:17:06]} 11. axb6 {[%clk 1:17:36]} Nxb6 {[%clk 1:17:10]} 12. dxc5
{[%clk 1:15:47]} Nxc4 {[%clk 1:06:55]} 13. Qxc4 {[%clk 1:16:05]} a5
{[%clk 1:05:00]} 14. b4 {[%clk 1:14:20]} Bb7 {[%clk 1:00:44]} 15. b5
{[%clk 1:12:08]} Bxf3 {[%clk 0:35:46]} 16. gxf3 {[%clk 1:12:26]} Nd7
{[%clk 0:31:58]} 17. c6 {[%clk 1:09:15]} Nb6 {[%clk 0:23:55]} 18. Qe2
{[%clk 1:00:10]} Bb4 {[%clk 0:16:43]} 19. Bb2 {[%clk 0:56:51]} Qh4
{[%clk 0:13:04]} 20. Rad1 {[%clk 0:55:39]} f5 {[%clk 0:09:14]} 21. Kh1
{[%clk 0:54:05]} Rab8 {[%clk 0:01:41]} 22. Rg1 {[%clk 0:47:15]} Rf7
{[%clk 0:01:54]} 23. f4 {[%clk 0:44:58]} Qe7 {[%clk 0:02:05]} 24. Na2
{[%clk 0:44:37]} Bd6 {[%clk 0:00:44]} 25. Rg2 {[%clk 0:33:12]} Nd5
{[%clk 0:00:36]} 26. Rdg1 {[%clk 0:29:31]} g6 {[%clk 0:00:58]} 27. Qc4
{[%clk 0:28:11]} Kf8 {[%clk 0:00:33]} 28. Nc3 {[%clk 0:27:14]} Nb6
{[%clk 0:00:37]} 29. Qd4 {[%clk 0:22:13]} e5 {[%clk 0:00:59]} 30. Qd3
{[%clk 0:19:17]} Qe6 {[%clk 0:00:39]} 31. Ne2 {[%clk 0:17:32]} Nc4
{[%clk 0:00:37]} 32. fxe5 {[%clk 0:14:10]} Bxe5 {[%clk 0:00:35]} 33. Bxe5
{[%clk 0:14:01]} Nxe5 {[%clk 0:01:03]} 34. Qa3+ {[%clk 0:14:08]} Kg8
{[%clk 0:00:40]} 35. Rc1 {[%clk 0:13:24]} Qd5 {[%clk 0:00:44]} 36. Qc5
{[%clk 0:12:09]} Qxc5 {[%clk 0:00:33]} 37. Rxc5 {[%clk 0:12:30]} Nd3
{[%clk 0:00:32]} 38. Rc3 {[%clk 0:12:37]} Nb4 {[%clk 0:00:33]} 39. Nf4
{[%clk 0:12:47]} Rc7 {[%clk 0:00:46]} 40. Rc5 {[%clk 0:42:07]} a4
{[%clk 0:31:05]} 41. Rg1 {[%clk 0:41:32]} a3 {[%clk 0:30:40]} 42. Ra1
{[%clk 0:41:03]} a2 {[%clk 0:30:52]} 43. Nd5 {[%clk 0:38:49]} Nxd5
{[%clk 0:28:26]} 44. Rxd5 {[%clk 0:39:12]} Ra7 {[%clk 0:27:40]} 45. Rc5
{[%clk 0:37:31]} Ra5 {[%clk 0:23:24]} 46. Rc2 {[%clk 0:37:00]} Raxb5
{[%clk 0:22:19]} 47. Raxa2 {[%clk 0:37:21]} Rc8 {[%clk 0:16:14]} 48. Ra7
{[%clk 0:35:46]} Rb6 {[%clk 0:15:24]} 49. c7 {[%clk 0:35:45]} Kg7
{[%clk 0:13:04]} 50. Kg2 {[%clk 0:35:05]} Re6 {[%clk 0:12:40]} 51. Ra5
{[%clk 0:34:27]} Re7 {[%clk 0:10:12]} 52. Rac5 {[%clk 0:34:48]} Kh6
{[%clk 0:09:44]} 53. Kg3 {[%clk 0:33:15]} Rd7 {[%clk 0:09:51]} 54. Kf4
{[%clk 0:33:16]} Re7 {[%clk 0:10:15]} 55. R2c4 {[%clk 0:33:06]} Kh5
{[%clk 0:09:03]} 56. Kf3 {[%clk 0:31:32]} Kh6 {[%clk 0:08:55]} 57. Ke2
{[%clk 0:30:00]} Rd7 {[%clk 0:09:16]} 58. h4 {[%clk 0:27:56]} Kg7
{[%clk 0:09:16]} 59. h5 {[%clk 0:27:28]} Kh6 {[%clk 0:08:22]} 60. hxg6
{[%clk 0:27:43]} hxg6 {[%clk 0:08:40]} 61. Rc6 {[%clk 0:27:43]} Kg7
{[%clk 0:04:51]} 62. Kf3 {[%clk 0:27:43]} g5 {[%clk 0:03:51]} 63. Rc1
{[%clk 0:27:38]} Kf7 {[%clk 0:03:10]} 64. R1c5 {[%clk 0:27:47]} g4+
{[%clk 0:00:36]} 65. Kg3 {[%clk 0:27:55]} Rd2 {[%clk 0:00:31]} 66. Rxf5+
{[%clk 0:28:07]} Ke7 {[%clk 0:01:00]} 67. Rf4 {[%clk 0:28:07]} Kd7
{[%clk 0:01:12]} 68. Rcc4 {[%clk 0:28:26]} Rh8 {[%clk 0:00:34]} 69. c8=Q+
{[%clk 0:28:17]} Rxc8 {[%clk 0:01:01]} 70. Rxc8 {[%clk 0:28:39]} Kxc8
{[%clk 0:01:10]} 71. Rxg4 {[%clk 0:29:02]} Ra2 {[%clk 0:01:23]} 72. Rd4
{[%clk 0:29:25]} 1-0